| 000 | 00425nam a2200121Ia 4500 | ||
|---|---|---|---|
| 008 | 200903s9999 xx 000 0 und d | ||
| 020 | _a978-0-7619-3477-6 | ||
| 245 |
_cEditors: Arvind Singhal, James W. Dearing _aCommunication of innovations: _ba journey with Ev Rogers/ |
||
| 260 |
_aNew Delhi: _bSAGE Publications _c2006 |
||
| 300 |
_a260 pages _c22 cm. |
||
| 650 | _aBoundary value problems | ||
| 650 | _aDifferential equations | ||
| 999 |
_c364044 _d364044 |
||